Quizzes
Events
Quiz Creation
Community
Videos
Private Events
Remove Ads
Sign In
Join for FREE
Feedback
Dark Mode
Quiz Categories
Sports
Geography
Music
Movies
Television
Just For Fun
Miscellaneous
History
Literature
Language
Science
Gaming
Entertainment
Religion
Holiday
For Kids
Quiz Lab
Recent
Popular Today
Quiz Kudos Today
Editor Picks
Curator Picks
Quizzes by...
Day
Popularity
Type
Ratings
Length
Year
Community
Subscriptions
Recent Discussions
Orange Saloon
Badges
Playlists
Quests
Create
Leaderboards
Showdown
Live 5
Trivia Bingo
Activity
Puzzle Library
Sporcle Events
Private Events
Virtual Trivia
Globe League
Become a Host
Pub Owners
SporcleCon
Opinionation
Our Games
Videos
Blog
Mobile Apps
Partnerships
Remove Ads and Go Orange
Feedback
Music
Pop Music
The Beatles
Song
Album
Lyrics
Bands
Singers
Artist
Clip
Rock
Rap
Classical
Billboard
Country Music
Kpop
Taylor Swift
Music
Pop Music
The Beatles
Song
Album
Lyrics
Bands
Singers
Artist
Clip
Rock
Rap
Classical
Billboard
Country Music
Kpop
Taylor Swift
Random Quiz
Search Sporcle
×
Quiz Lab
Quiz Lab
Music
Jazz
Type in answers that appear in a list
Type in answers that appear in a list
Classic
Best Score? Go Orange.
All That Jazz Stats
Can you name the MUSC 145 musicians and instruments on the final?
By
jacplit
10m
54 Questions
939 Plays
939 Plays
939 Plays
Comments
Comments
Give Quiz Kudos
Give Quiz Kudos
-
- Ratings
hide this ad
Forced Order
Answers have to be entered in order
Answers have to be entered in order
Random Order
Randomize order of answers
Randomize order of answers
Replay
Link that replays current quiz
Next Quiz
Link to next quiz in quiz playlist
You Got
0%
They Got
Avg Score
72%
Avg Friend Score
Upgrade to see
Score Distribution
Jump to the score distribution portion of the page
Score
0/54
Timer
10:00
0
Plays Today
Musician
Instrument
% Correct
Miles Davis
trumpet
87.9%
Dizzy Gillespie
trumpet
86.7%
Dave Brubeck
piano
85%
T. Monk
piano
84.5%
Gene Krupa
drums
82.4%
Art Tatum
piano
82%
Herbie Hancock
piano
81.8%
Billie Holiday
voice
81.5%
Ella Fitzgerald
voice
80.9%
John Coltrane
tenor sax
80.4%
Max Roach
drums
80.2%
Django Reinhart
guitar
80.1%
Charlie Parker
alto sax
80.1%
Charles Mingus
bass
79.9%
Art Blakey
drums
79.7%
Oscar Peterson
piano
79.1%
Chick Corea
piano
78.8%
Horace Silver
piano
78.7%
Coleman Hawkins
tenor sax
78.2%
Lester Young
tenor sax
77.8%
Sonny Rollins
tenor sax
77.7%
Sarah Vaughn
voice
77.2%
Mary lou Williams
piano
75.2%
Bud Powell
piano
74.7%
Lennie Tristano
piano
74%
Ornette Coleman
alto sax
73.5%
Gerry Mulligan
baritone sax
73.3%
Musician
Instrument
% Correct
Gil Evans
piano
72.7%
Clifford Brown
trumpet
72.5%
Chet Baker
trumpet
72.1%
Cecil Taylor
piano
71.8%
Roy Elridge
trumpet
71.7%
Paul Desmond
alto sax
71.1%
Niels Pedersen (NHOP)
bass
71%
Cannonball Adderly
alto sax
70.6%
Fats Navarro
trumpet
70.5%
Stephane Grappelli
violin
69.6%
Claude Thornhill
piano
69.5%
Lil Hardin
piano
69.5%
Charlie Christian
electric guitar
68.5%
Milt Jackson
vibraphone
66.3%
Lee Konitz
alto sax
66%
Lee Morgan
trumpet
65%
Airto Moreira
drums
64.9%
Kenny Clark
drums
64.4%
Chano Pozo
percussion
62.6%
Jon Hendricks
voice
61.7%
Jimmy Rushing
voice
61%
Eddie Jefferson
voice
60.8%
Don Ellis
trumpet
59.3%
Bill Chase
trumpet
58.8%
Jimmy Smith
organ
58.1%
Sun Ra
synthesizer
57.8%
Joe Zawinul
synthesizer
53.4%
Quiz Playlist
Details
Report
Send in Message
Add To Playlist
Classic:
Type in answers that appear in a list
Forced Order:
Answers have to be entered in order
Random Order:
Randomize order of answers
Last Updated: Feb 16, 2017
Quiz Scoreboard
CHALLENGE
Sign Up to Join the Scoreboard
Show All
Scores
Hide
Comments
May contain spoilers
Recently Published
Movies - When Are They Set?
by FPL_Elf
Movies
5m
Popular People in 1961
by mucciniale
History
6m
1-10 Letter E Words III
by El_Dandy
Language
2m
More to Explore
Quiz From the Vault
Featured Blog Post
Where Did the Easter Bunny Come From?
hide this ad
You Might Also Like...
Tags
Jazz
Today's Top Quizzes in Music
Browse Music
hide this ad
Today's Top Quizzes in Jazz
Browse Jazz
Top Contributed Quizzes in Music
1
Taylor Swift All Songs (2024)
2
2010s Album by Cover III
3
One Thing in Common: Music
4
Guess the Artist- 70s Songs
5
Taylor Swift Logic Puzzle
6
Guess the Taylor Swift song (Mystery Song)
7
2010s Album by Cover IV
8
2010s Album by Cover V
9
KPOP LOGIC QUIZ
10
2010s Album by Cover VI
Explore More
Trending Topics
Kpop
Harry Potter
Crossword
Marvel
Disney
NBA
Anime
Song
NFL
Pokémon
The Office
Country
Soccer
WWE
Puzzle
hide this ad
More By:
jacplit
Quiz
Plays
Rating
Category
Featured
Created
All That Jazz
939
4.40
Music
May 4, 2011
MUSC all songs on listening list
189
1.67
Music
May 4, 2011
Go to Creator's Profile
Score Distribution
Quiz Creator Spotlight
jacplit
Follow
Send a Message
Quizzes Created
-
Created Quiz Play Count
-
More By This Creator
Popular Quizzes Today
1
Find the Countries of Europe - No Outlines Minefield
2
Find the US States - No Outlines Minefield
3
The Countries of the World
4
Popular People in 1961
5
1-10 Letter E Words III
6
US States
7
Find the US States
8
One Thing in Common: World Cities II
More Music Quizzes
3 Kpop Groups, 1 Thing in Common
Curator's Pick
Trending Quizzes
Risky Map Clicking: Least Populous States A-Z
Humor Books: The Subtitles
1-10 Letter F Words
1-10 Letter G Words
One Thing in Common: United Kingdom
Recently Updated
Leaping Animals
pecheneg
Reality TV Shows (A-Z)
bhenderson79
Rickey Henderson's Hall of Fame Teammates
pecheneg
Champions League XIs: Arsenal
pecheneg
Quick Pick: Celebrities in WWE's Hall of Fame
aduchscher
A-Z Keypad Blitz II
pecheneg
Multiple Oscar Actors
pecheneg
Mystery Phrase Blitz: Oscar 'Best Actors'
pecheneg
F. Scott Fitzgerald Novels
LTH
Pick 3 Villains
ddd62291
Trending Topics
Marvel
NBA
Crossword
Kpop
Harry Potter
Disney
Anime
NFL
Pokémon
WWE
Country
Soccer
The Office
Puzzle
Song
Your Account Isn't Verified!
In order to create a playlist on Sporcle, you need to verify the email address you used during registration. Go to your
Sporcle Settings
to finish the process.
Report this User
Report this user for behavior that violates our
Community Guidelines
.
Details:
Send Report
Go to the Sporcle.com Mobile Site →
Comments